| 000 | 01535nab#a2200217#c#4500 | ||
|---|---|---|---|
| 999 |
_c121996 _d121996 |
||
| 003 | IEF | ||
| 005 | 20191205174321.0 | ||
| 008 | 950704s1976 uuu|| #####0 b| |u | ||
| 040 |
_aIEF _cES-MaIEF |
||
| 100 | 1 |
_aBuchanan, James M. _97783 |
|
| 245 |
_aHacienda Pública y elección social _c James M. Buchanan |
||
| 260 | _c1976 | ||
| 500 | _aResumen;bibliografía | ||
| 520 | _aLa Hacienda Pública ha sufrido importantes transformaciones desde la segunda guerra mundial. El presente artículo examina esta transformación, contemplada desde la perspectiva de elección pública. La Hacienda Pública post-marshalliana tenía dos grandes lagunas: la falta de una teoría del gasto público y su falta de atención al proceso de elaboración mediante el cual se adoptaban las decisiones públicas. Ambas lagunas se han llenado parcialmente por el nuevo enfoque de la Hacienda Pública, si bien gran parte de la discusión popular de los temas financieros continúa teniendo lugar en el marco de la vieja concepción, hoy pasada de moda. El artículo siguiente ofrece una descripción de los rasgos fundamentales de la nueva concepción de los problemas fiscales y finaliza utilizando los problemas de la financiación de la Seguridad Social como ilustración de las diferencias entre el viejo enfoque y la nueva teoría de la Hacienda Pública. | ||
| 650 | 4 |
_aHACIENDA PUBLICA _950201 |
|
| 650 | 4 |
_aTEORIAS _948553 |
|
| 773 | 0 |
_tHacienda pública española _w34570 _g40, p. 9-23 |
|
| 942 | _2udc | ||
| 942 | _2udc | ||